A mérleg valódiságának és a pénzügyi helyzet ellenőrzésének módszerei, könyvvizsgálati kötelezettséggel való kapcsolata

Bibliographic Details
Main Author: Szabó Ádám
Other Authors: Korom Dr. Erik
Format: Thesis
Kulcsszavak:Könyvvizsgálat
Gazdasági elemzés
Számvitel
Online Access:http://dolgozattar.uni-bge.hu/6230

MARC

LEADER 00000nta a2200000 i 4500
001 dolg6230
005 20160513085531.0
008 160513suuuu hu om 000 hun d
040 |a BGE Dolgozattár Repozitórium  |b hun 
041 |a hu 
100 1 |a Szabó Ádám 
245 1 2 |a A mérleg valódiságának és a pénzügyi helyzet ellenőrzésének módszerei, könyvvizsgálati kötelezettséggel való kapcsolata  |c Szabó Ádám  |h [elektronikus dokumentum] 
695 |a Könyvvizsgálat 
695 |a Gazdasági elemzés 
695 |a Számvitel 
700 1 |a Korom Dr. Erik  |e ths 
856 4 0 |u http://dolgozattar.uni-bge.hu/6230/1/Szakdolgozat20160512%20FINAL.pdf  |z Dokumentum-elérés 
856 4 0 |u http://dolgozattar.uni-bge.hu/6230/7/Nyilatkozat.pdf  |z Dokumentum-elérés